000 00480nam a2200157Ia 4500
999 _c18764
_d18764
003 OSt
005 20200608122210.0
008 190216s9999||||xx |||||||||||||| ||und||
040 _coclc
082 _a342.5403
_bSEN/C
100 _aSen, Sirdar D K
_92623
245 0 _aA Comparative Study Of The Indian Constitution /
_cSirdar D K Sen
260 _bOrient Longman,
_c1960.
_aBombay:
300 _a382p
942 _cBK
_2ddc
_h342.5403
_iSEN/C
_k342.5403
_mSEN/C